Status of the offshore oil industry as of July 1, 1981 : statistical review of events between January 1, 1981 and July 1, 1981 /

Bibliographic Details
Corporate Author: Offshore Oil Scouts Association
Format: Book
Language:English
Published: Metairie, La. : The Association, [1981?]
Subjects:

MARC

Tag First Indicator Second Indicator Subfields
LEADER 00000cam a2200000 a 4500
001 in00000029876
005 20151007054814.0
008 810701s1981 lau 00000 eng d
035 |a (OCoLC)07544536 
035 |9 AAB6270AM 
040 |a TXA  |c TXA  |d UtOrBLW 
043 |a n-us--- 
049 |a TXAM  |c [A12594981] 
050 4 |a TN871.3  |b .O3372 1981 
245 0 0 |a Status of the offshore oil industry as of July 1, 1981 :  |b statistical review of events between January 1, 1981 and July 1, 1981 /  |c prepared by Offshore Oil Scouts Ass'n. 
264 1 |a Metairie, La. :  |b The Association,  |c [1981?] 
300 |a 1 volume (various pagings) ;  |c 23 x 37 cm. 
336 |a text  |b txt  |2 rdacontent 
337 |a unmediated  |b n  |2 rdamedia 
338 |a volume  |b nc  |2 rdacarrier 
500 |a Chiefly tables. 
500 |a Cover title. 
500 |a Includes directories of offshore drilling contractors and offshore oil operators. 
650 0 |a Offshore oil industry  |z United States  |x Statistics. 
650 0 |a Offshore oil well drilling  |z United States  |x Statistics. 
650 0 |a Offshore oil well drilling  |z United States  |x Directories. 
710 2 |a Offshore Oil Scouts Association. 
999 |a MARS 
999 f f |s 7d08b8d4-1159-3434-9498-60a8483f9b44  |i e9ab040e-79d0-329f-b2e0-a315734d8d13  |t 0 
952 f f |p ric  |a Texas A&M University  |b Rellis Campus  |c Joint Library Facility  |d Remote Storage  |t 0  |e TN871.3 .O3372 1981  |f Oversize  |h Library of Congress classification  |i unmediated -- volume  |m A14812594981 
998 f f |a TN871.3 .O3372 1981  |t 0  |l Remote Storage